<?xml version='1.0' encoding='UTF-8'?>
  <record xmlns="http://www.loc.gov/MARC21/slim">
    <leader>00000cam a2200000 i 4500</leader>
    <controlfield tag="001">ocm66433410</controlfield>
    <controlfield tag="003">OCoLC</controlfield>
    <controlfield tag="005">20240703224202.6</controlfield>
    <controlfield tag="008">050911s1538    sz            000 0 lat d</controlfield>
    <datafield tag="040" ind1=" " ind2=" ">
      <subfield code="a">NLGGC</subfield>
      <subfield code="b">dut</subfield>
      <subfield code="e">fobidrtb</subfield>
      <subfield code="c">NLGGC</subfield>
      <subfield code="d">QGJ</subfield>
      <subfield code="d">OCLCO</subfield>
      <subfield code="d">OCLCA</subfield>
      <subfield code="d">OCLCQ</subfield>
    </datafield>
    <datafield tag="029" ind1="0" ind2=" ">
      <subfield code="a">NLGGC</subfield>
      <subfield code="b">286802341</subfield>
    </datafield>
    <datafield tag="035" ind1=" " ind2=" ">
      <subfield code="a">(OCoLC)66433410</subfield>
    </datafield>
    <datafield tag="041" ind1="1" ind2=" ">
      <subfield code="a">lat</subfield>
      <subfield code="h">grc</subfield>
    </datafield>
    <datafield tag="100" ind1="1" ind2=" ">
      <subfield code="a">Pontano, Gioviano</subfield>
      <subfield code="q">(Giovanni Gioviano),</subfield>
      <subfield code="d">ca. 1426-1503.</subfield>
    </datafield>
    <datafield tag="245" ind1="1" ind2="0">
      <subfield code="a">Joannis Joviani Pontiani, viri clarissimi, qui unus ex multis seculis veram prudentiam cum summa eloquentia iunxisse videtur, Opera quae soluta oratione composuit, omnia, in tomos tres digesta ...</subfield>
    </datafield>
    <datafield tag="246" ind1="3" ind2=" ">
      <subfield code="a">Opera quae soluta oratione composuit, omnia, in tomos tres digesta</subfield>
    </datafield>
    <datafield tag="246" ind1="3" ind2=" ">
      <subfield code="a">Ioannis Ioviani Pontiani, viri clarissimi, qui unus ex multis seculis veram prudentiam cum summa eloquentia iunxisse videtur,</subfield>
    </datafield>
    <datafield tag="246" ind1="3" ind2=" ">
      <subfield code="a">Joannis Joviani Pontiani, Librorum omnium, quos soluta oratione composuit, tomus secundus [-tertius]</subfield>
    </datafield>
    <datafield tag="260" ind1=" " ind2=" ">
      <subfield code="a">Basileae :</subfield>
      <subfield code="b">per Andream Cratandrum,</subfield>
      <subfield code="c">M.D.XXXVIII. [1538]</subfield>
    </datafield>
    <datafield tag="300" ind1=" " ind2=" ">
      <subfield code="a">3 dl. ;</subfield>
      <subfield code="c">in-4 (22 cm)</subfield>
    </datafield>
    <datafield tag="336" ind1=" " ind2=" ">
      <subfield code="a">tekst</subfield>
      <subfield code="b">txt</subfield>
      <subfield code="2">rdacontent/dut</subfield>
    </datafield>
    <datafield tag="337" ind1=" " ind2=" ">
      <subfield code="a">zonder medium</subfield>
      <subfield code="b">n</subfield>
      <subfield code="2">rdamedia/dut</subfield>
    </datafield>
    <datafield tag="338" ind1=" " ind2=" ">
      <subfield code="a">band</subfield>
      <subfield code="b">nc</subfield>
      <subfield code="2">rdacarrier/dut</subfield>
    </datafield>
    <datafield tag="500" ind1=" " ind2=" ">
      <subfield code="a">T. 2 en 3 o.d.t.: Joannis Joviani Pontiani, Librorum omnium, quos soluta oratione composuit, tomus secundus [-tertius].</subfield>
    </datafield>
    <datafield tag="500" ind1=" " ind2=" ">
      <subfield code="a">Naam drukker ontleend aan colofon dl. 1.</subfield>
    </datafield>
    <datafield tag="500" ind1=" " ind2=" ">
      <subfield code="a">De rebus coelestibus libri XIIII. De luna, imperfectus met jaar van uitgave M.D.XXX. [1530].</subfield>
    </datafield>
    <datafield tag="505" ind1="0" ind2="0">
      <subfield code="g">[Tomus] primus.</subfield>
      <subfield code="t">Continet libros varii generis multijuga eruditione refertos, praecipuè uerò earum rerum, quarum cognitio ad totius reipublicae scientiam imprimis est necessaria --</subfield>
      <subfield code="g">Tomus secundus.</subfield>
      <subfield code="t">Cui insunt: De aspiratione, Lib. II. item, Dialogi festivissimi diversorum argumentorum, nempe Charon. Antonius. Actius. Aegidius. Asinus. De sermone, Lib. VI. Belli, quod Ferdinandus senior Neapolitanorum rex cum Joanne Andegaviensium duce gessit, libri totidem --</subfield>
      <subfield code="g">Tomus tertius.</subfield>
      <subfield code="t">In quo Centum Ptolemaei sententiae, à Pontano è Graeco in Latinum tralatae, atq[ue] expositae. Eiusdem Pontani de rebus coelestibus Li|bri XIIII. De Luna, liber imperfectus.</subfield>
    </datafield>
    <datafield tag="510" ind1="4" ind2=" ">
      <subfield code="3">T. 1</subfield>
      <subfield code="a">Verzeichnis der im deutschen Sprachbereich erschienenen Drucke des XVI. Jahrhunderts (VD 16),</subfield>
      <subfield code="c">P 4192</subfield>
    </datafield>
    <datafield tag="510" ind1="4" ind2=" ">
      <subfield code="3">T. 2</subfield>
      <subfield code="a">Verzeichnis der im deutschen Sprachbereich erschienenen Drucke des XVI. Jahrhunderts (VD 16),</subfield>
      <subfield code="c">P 4193</subfield>
    </datafield>
    <datafield tag="510" ind1="4" ind2=" ">
      <subfield code="3">T. 3</subfield>
      <subfield code="a">Verzeichnis der im deutschen Sprachbereich erschienenen Drucke des XVI. Jahrhunderts (VD 16),</subfield>
      <subfield code="c">P 4191</subfield>
    </datafield>
    <datafield tag="650" ind1=" " ind2="0">
      <subfield code="a">Latin literature, Medieval and modern.</subfield>
    </datafield>
    <datafield tag="650" ind1=" " ind2="0">
      <subfield code="a">Pronunciation</subfield>
      <subfield code="v">Early works to 1800.</subfield>
    </datafield>
    <datafield tag="651" ind1=" " ind2="0">
      <subfield code="a">Naples (Kingdom)</subfield>
      <subfield code="x">History.</subfield>
    </datafield>
    <datafield tag="650" ind1=" " ind2="6">
      <subfield code="a">Littérature latine médiévale et moderne.</subfield>
    </datafield>
    <datafield tag="651" ind1=" " ind2="6">
      <subfield code="a">Naples (Royaume)</subfield>
      <subfield code="x">Histoire.</subfield>
    </datafield>
    <datafield tag="650" ind1=" " ind2="7">
      <subfield code="a">Latin literature, Medieval and modern.</subfield>
      <subfield code="2">fast</subfield>
      <subfield code="0">(OCoLC)fst00993349</subfield>
    </datafield>
    <datafield tag="651" ind1=" " ind2="7">
      <subfield code="a">Naples (Kingdom)</subfield>
      <subfield code="2">fast</subfield>
      <subfield code="0">(OCoLC)fst01205419</subfield>
    </datafield>
    <datafield tag="655" ind1=" " ind2="7">
      <subfield code="a">Early works.</subfield>
      <subfield code="2">fast</subfield>
      <subfield code="0">(OCoLC)fst01411636</subfield>
    </datafield>
    <datafield tag="655" ind1=" " ind2="7">
      <subfield code="a">History.</subfield>
      <subfield code="2">fast</subfield>
      <subfield code="0">(OCoLC)fst01411628</subfield>
    </datafield>
    <datafield tag="700" ind1="1" ind2=" ">
      <subfield code="a">Ptolemaeus, Claudius,</subfield>
      <subfield code="c">Alexandrinus,</subfield>
      <subfield code="d">ca. 100-ca. 170.</subfield>
    </datafield>
    <datafield tag="710" ind1="0" ind2=" ">
      <subfield code="a">Cratander, Andreas (Basel)</subfield>
      <subfield code="4">prt</subfield>
      <subfield code="0">(NL-LeOCL)084006749</subfield>
    </datafield>
    <datafield tag="936" ind1=" " ind2=" ">
      <subfield code="a">BATCHLOAD</subfield>
    </datafield>
  </record>